Provinces des Pays-Bas - Carte Quiz - Statistiques

Statistiques générales
  • Ce quiz a été pris 186 fois
  • Le résultat moyen est 7 sur 12
Réponses sur la Carte
Les réponses sont colorées sur une échelle allant du rouge au vert en fonction du pourcentage des utilisateurs qui les ont devinées à leur premier essai. Vous pouvez retrouver ces pourcentages ci-dessous.
 
Statistiques - réponses
Réponse % Correct
Zélande
78%
Limbourg
75%
Brabant-Septentrional
68%
Groningue
66%
Frise
65%
Hollande-Septentrionale
64%
Hollande-Méridionale
63%
Utrecht
61%
Flévoland
48%
Overijssel
41%
Drenthe
33%
Gueldre
29%
Aucun quiz correspondant
Distribution des résultats
% des personnes avec chaque résultat
Percentile par nombre de réponses
Votre historique - résultats
Vous n’avez pas pris ce quiz